| 000 | 00970cam a2200229 4500 | ||
|---|---|---|---|
| 001 | ABS61686 | ||
| 008 | 000000n1999 000 0 eng u | ||
| 035 | _a(Sirsi) u103353 | ||
| 100 | _aRawstron, A. | ||
| 245 | _aCan justice be served at such a high speed? | ||
| 260 | _c1999 | ||
| 490 |
_aConstruction News _v (6644) 2 December 1999, 24(1) |
||
| 520 | _aReports on the courts' increasing tendency to enforce adjudicator's decisions, even if the decision does not represent justice. | ||
| 590 | _aABS | ||
| 650 | _aMANAGEMENT-DISPUTE AVOIDANCE, MANAGEMENT AND RESOLUTION-DISPUTE MANAGEMENT AND RESOLUTION-ALTERNATIVE DISPUTE RESOLUTION-ADJUDICATION-ADJUDICATORS | ||
| 650 | _aWRONG DECISION | ||
| 650 | _aMANAGEMENT-DISPUTE AVOIDANCE, MANAGEMENT AND RESOLUTION-DISPUTE MANAGEMENT AND RESOLUTION-ALTERNATIVE DISPUTE RESOLUTION-ADJUDICATION | ||
| 650 | _aENFORCEMENT | ||
| 650 | _aCONSTRUCTION DISPUTES | ||
| 690 |
_aDispute resolution _96236 |
||
| 942 | _n0 | ||
| 999 |
_c62116 _d62116 |
||